Geography Quiz

Random Geography or State Quiz

State Capitals by Location Quiz Stats

 Plays Quiz Updated May 14, 2015

Challenge
Share
Tweet
Score 0/50 Timer 06:00
4 Plays Today
% Correct
Austin
81.5%
Sacramento
81.4%
Honolulu
81.1%
Phoenix
79.3%
Juneau
79.2%
Baton Rouge
79.1%
Tallahassee
78%
Oklahoma City
77.9%
Lansing
75.9%
Boston
75.7%
Olympia
75.6%
Boise
74.9%
Carson City
74.7%
Albany
74.7%
Salem
74.7%
Indianapolis
74.6%
Columbus
74.5%
Denver
74.5%
Helena
74.3%
Atlanta
74.2%
Salt Lake City
74.1%
St. Paul
73.8%
Raleigh
72.9%
Little Rock
72.6%
Madison
72.5%
% Correct
Providence
72.1%
Santa Fe
72.1%
Augusta
72.1%
Jackson
71.5%
Trenton
71.4%
Springfield
70.9%
Dover
70.7%
Nashville
70.7%
Pierre
70.3%
Annapolis
69.7%
Richmond
69.1%
Montpelier
68.5%
Harrisburg
68.2%
Bismarck
68.2%
Hartford
68.2%
Des Moines
68%
Columbia
68%
Montgomery
67.2%
Lincoln
64.6%
Topeka
64.3%
Frankfort
63.9%
Cheyenne
63.8%
Charleston
62.3%
Jefferson City
62.3%
Concord
62%

You're not logged in!

Compare scores with friends on all Sporcle quizzes.
OR
Log In

You Might Also Like...

Show Comments

Extras

Top Quizzes Today


Score Distribution

Your Account Isn't Verified!

In order to create a playlist on Sporcle, you need to verify the email address you used during registration. Go to your Sporcle Settings to finish the process.

Report this User

Report this user for behavior that violates our Community Guidelines.

Details: